000 00357nam a2200145Ia 4500
008 230711s9999||||xx |||||||||||||| ||und||
041 _aENG
082 _a510
_bVP-M
100 _aV.P Jaggi
245 0 _aMathematics for engineering entrance examinations
250 _a1st
260 _c1980
_aNew Delhi
_bS.K Kataria & Sons
650 _aMathematics
942 _cBK
999 _c6
_d6